000 00554nam a2200181Ia 4500
008 151018s9999 xx 000 0 und d
082 _bRBASDV60729
_a891.463
100 _aहेमंत सावंत
245 _aसूडाग्नी
250 _b2
260 _bदर्पण प्रकाशन मुंबई
_c2009
300 _a207
600 _aहेमंत सावंत
630 _aसूडाग्नी
700 _aहेमंत सावंत
730 _aसूडाग्नी
942 _cBOOK
999 _c1054232
_d1054229